Przystanki linii autobusowej 345 we Wrocławiu - Statystyki

Ogólne statystyki
  • Ten quiz został rozwiązany 18 razy
  • Średni wynik to 16 z 19
Statystyki odpowiedzi
PRZYSTANEK % Poprawnych
Hala Stulecia
100%
Kochanowskiego
100%
Stadion Olimpijski
100%
Stadion Olimpijski
100%
8 Maja
92%
Bartoszowice
92%
Biskupin
92%
Chełmońskiego
92%
Piramowicza (Kampus Biskupin)
92%
Tramwajowa
92%
Sępolno
83%
Bacciarellego
67%
Godebskiego (AWF Wrocław)
67%
Kliniki - Politechnika Wrocławska
67%
Moniuszki
67%
Śniadeckich
67%
Spółdzielcza
67%
Libelta
58%
Plac Grunwaldzki
58%
Nie znaleziono quizów pasujących do podanych kryteriów
Rozkład punktacji
Procent ludzi z każdym wynikiem
Percentyl według liczby udzielonych odpowiedzi
Twoja historia wyników
Nie rozwiązałeś tego quizu